| 000 | 01037nam a2200289 i 4500 | ||
|---|---|---|---|
| 003 | IT-RoINE | ||
| 005 | 20200316064619.0 | ||
| 008 | 070907s2007 sp | r ||1 ||spa d | ||
| 020 | _a9788497151160 | ||
| 040 |
_aSpMaBN _bspa _cIT-RoINE _dIT-RoINE |
||
| 041 | 1 |
_aspa _hlat |
|
| 100 | 0 |
_9122 _aAmbrosio, _cSanto, Obispo de Milán, _dca. 340-397 |
|
| 245 | 1 | 3 |
_aLa virginidad ; _cLa educación de la virgen ; Exhortación de la virginidad / Ambrosio de Milán ; introducción, traducción y notas de Domingo Ramos-Lissón. |
| 260 |
_aMadrid : _bCiudad Nueva, _c2007. |
||
| 300 |
_a367 p. ; _c24 cm. |
||
| 336 |
_2rdacontent _atext |
||
| 337 |
_2rdamedia _aunmediated |
||
| 338 |
_2rdacarrier _avolume |
||
| 490 | 1 |
_aFuentes patrísticas ; _v19 |
|
| 500 | _aIncluye índices. | ||
| 546 | _aTexto latín y traducción en español. | ||
| 700 | 1 |
_aRamos-Lissón, Domingo, _d1930- _921025 |
|
| 740 | 3 | 2 | _aLa educación de la virgen |
| 740 | 0 | 2 | _aExhortación a la virginidad |
| 830 | 0 |
_939866 _aFuentes patrísticas ; _v19 |
|
| 942 | _cMTS | ||
| 999 |
_c20184 _d20184 |
||